000
00480nam a2200181Ia 4500
008
090123s9999 xx 000 0 und d
082
_b
888
100
_a
मराठे कृ.बा.
245
_a
बालकवि
250
_a
1
260
_b
भागवत वा.पु.
300
_a
198
600
_a
मराठे कृ.बा.
630
_a
बालकवि
700
_a
मराठे कृ.बा.
730
_a
बालकवि
942
_c
BOOK
999
_c
38975
_d
38975